| 000 | 00389nam a2200157Ia 4500 | ||
|---|---|---|---|
| 008 | 151213s9999 xx 000 0 und d | ||
| 100 | _aN.Gregary Mankiw | ||
| 245 |
_aMacroeconomics _cN.Gregary Mankiw |
||
| 250 | _a6th | ||
| 260 |
_aNew York _bWorth Publicatiojn _c2007 |
||
| 300 | _a7062 p. | ||
| 650 | _aEconomics | ||
| 650 | _aEconomics | ||
| 700 | _aN.Gregary Mankiw | ||
| 999 |
_c3740 _d3740 |
||